Fuentes de odio / (Record no. 134151)

MARC details
000 -LEADER
campo de control de longitud fija 00578nam a2200205 i 4500
001 - NÚMERO DE CONTROL
campo de control 134151
003 - IDENTIFICADOR DE NÚMERO DE CONTROL
campo de control ES-MaACL
005 - FECHA Y HORA DE LA ÚLTIMA TRANSACCIÓN
campo de control 20230906194618.0
007 - CAMPO FIJO DE DESCRIPCIÓN FÍSICA--INFORMACIÓN GENERAL
campo de control de longitud fija t|
008 - DATOS DE LONGITUD FIJA--INFORMACIÓN GENERAL
campo de control de longitud fija 070905s1959 sp ||||1| spa d
100 1# - ENTRADA PRINCIPAL--NOMBRE DE PERSONA
Nombre de persona Wynd, Oswald.
9 (RLIN) 117474
245 10 - MENCIÓN DEL TÍTULO
Título Fuentes de odio /
Mención de responsabilidad, etc. Oswald Wynd ; [versión de Mario Bartolomé].
260 ## - PUBLICACIÓN, DISTRIBUCIÓN, ETC.
Lugar de publicación, distribución, etc. [Barcelona] :
Nombre del editor, distribuidor, etc. Cisne,
Fecha de publicación, distribución, etc. 1959.
300 ## - DESCRIPCIÓN FÍSICA
Extensión 288 p. ;
Dimensiones 18 cm.
490 1# - MENCIÓN DE SERIE
Mención de serie Cisne ;
Designación de volumen o secuencia 46
700 1# - ENTRADA AGREGADA--NOMBRE PERSONAL
Nombre de persona Bartolomé, Mario.
9 (RLIN) 26167
830 0# - PUNTO DE ACCESO ADICIONAL DE SERIE-TÍTULO UNIFORME
Título uniforme Cisne ;
Designación de volumen o secuencia 46
9 (RLIN) 186968
852 ## - LOCALIZACIÓN
Ubicación ES-MaACL
Número de control de estantería C-17048
Sublocalización o colección R.44752
Holdings
Estatus retirado Estado de pérdida Estado de daño No para préstamo Biblioteca de origen Biblioteca actual Ubicación en estantería Fecha de adquisición Fuente de adquisición Total de préstamos Signatura topográfica completa Código de barras Visto por última vez Precio de reemplazo Tipo de ítem Koha
        Biblioteca del Ateneo de Madrid Biblioteca del Ateneo de Madrid Galería 17/01/2008     C-17048 1139643 23/02/2023 23/02/2023 Libro impreso